Riziká pri vzorkovaní odpadov

Na minha lista:
Detalhes bibliográficos
Autor principal: Kmeť, Pavol, 1992- (Author)
Outros Autores: Sirotiak, Maroš, 1979- (Thesis advisor)
Formato: Manuscrito Livro
Idioma:eslovaco
Publicado em: Trnava : STU v Bratislave MTF UBEI, 2014
Assuntos:
Acesso em linha:VAIS
Tags: Adicionar Tag
Sem tags, seja o primeiro a adicionar uma tag!

MARC

LEADER 00000ntm a22000003a 4500
001 stu293283
005 20150617230320.1
008 140708s2014----xo------------------slo-d
040 |a STU  |b slo 
041 0 |a slo 
044 |a xo 
100 1 |a Kmeť, Pavol,  |d 1992-  |4 aut  |u M  |T MTF Materiálovotechnologická fakulta  |X 62344  |U M  |Y 60  |7 A000062344 
242 0 0 |a Risks of the waste sampling  |y eng 
245 1 |a Riziká pri vzorkovaní odpadov 
260 |a Trnava :  |b STU v Bratislave MTF UBEI,  |c 2014 
300 |a 57s  |c CD 
650 7 |a Occupational Health and Safety  |2 estusub 
650 7 |a risk  |2 estusub 
650 7 |a waste  |2 estusub 
650 7 |a riziko  |2 stusub 
650 7 |a odpad  |2 stusub 
650 7 |a vzorkovanie  |2 stusub 
700 1 |a Sirotiak, Maroš,  |d 1979-  |4 ths  |u M5000  |U MTF Materiálovotechnologická fakulta  |T MTF Ústav bezpečnosti, environmentu a kvality  |X 3580  |U M5000  |Y 85  |7 A000003580 
856 4 |a info a plný text  |u http://is.stuba.sk/zp/portal_zp.pl?podrobnosti=94547  |3 VAIS 
996 |c M*BP-6799  |l MMSKP  |s P  |a 0  |w stu293283_0001